|
|
|
|
| LEADER |
00000naa2a2200000 4500 |
| 001 |
225247 |
| 005 |
20231031200902.0 |
| 035 |
|
|
|a (RuTPU)RU\TPU\book\245586
|
| 090 |
|
|
|a 225247
|
| 100 |
|
|
|a 20121108d2004 k y0rusy50 ca
|
| 101 |
0 |
|
|a eng
|
| 102 |
|
|
|a RU
|
| 200 |
1 |
|
|a Management of XXI century: the purpose and tasks of a modern management, requirements to a modern manager
|f T. V. Lukhanina, S. V. Zdrel'ko, K. V. Evlanova
|
| 461 |
|
0 |
|0 (RuTPU)RU\TPU\book\82991
|t Энергия молодых - экономике России
|o труды V Всероссийской научно-практической конференции студентов и молодых ученых, посвященной столетию экономического образования в Томском политехническом университете, Томск, 20-24 апреля 2004 г.
|o В 2 ч.
|f Томский политехнический университет; Вольное экономическое общество России; Энергия молодых - экономике России. Всероссийская научно-практическая конференция студентов и молодых ученых
|d 2004-
|
| 463 |
|
0 |
|0 (RuTPU)RU\TPU\book\82863
|t Ч. 2
|v С. 319-320
|d 2004
|
| 610 |
1 |
|
|a управление
|
| 610 |
1 |
|
|a 21 век
|
| 610 |
1 |
|
|a менеджмент
|
| 610 |
1 |
|
|a современные проблемы
|
| 610 |
1 |
|
|a требования
|
| 610 |
1 |
|
|a труды учёных ТПУ
|
| 700 |
|
1 |
|a Lukhanina
|b T. V.
|
| 701 |
|
1 |
|a Zdrel'ko
|b S. V.
|
| 701 |
|
1 |
|a Evlanova
|b K. V.
|
| 801 |
|
1 |
|a RU
|b 63413507
|c 20121108
|
| 801 |
|
2 |
|a RU
|b 63413507
|c 20161007
|g RCR
|
| 942 |
|
|
|c BK
|